เปลี่ยนเป็นภาษาไทย

Change to English
 แสดงรายละเอียดบรรณานุกรม
  กลับหน้าหลัก

Brief Record : Get Marc (ISO 2709) : E-mail record : QR code กลับ
E-books : เกี่ยวกับ Collections
LEADER 00000nam 2200000uu 4500
001    13399128818
003     BCNR
008    210428s2568 th a b 001 0 tha d
020    ^a9786161144494
041    ^atha
060 04 ^aQT4^bส356 ล.2 2568
245 00 ^aสรีรวิทยา^n2 ฉบับปรับปรุงใหม่ /^cรัชฎา แก่นสาร์ และคณะ
250    ^aพิมพ์ครั้งที่ 3 (ฉบับปรับปรุง)
260    ^aนนทบุรี :^bโครงการสวัสดิการวิชาการ สถาบันพระบรมราชชนก กระทรวงสาธารณสุข,^c2568
300    ^aก-ด, 407-800 หน้า :^bภาพประกอบ (ภาพสีบางภาพ), ตาราง, แผนภูมิ ;^c26 ซม.
504    ^aมีบรรณานุกรมและดัชนี
505 0  ^aบทที่ 6 ระบบทางเดินอาหาร -- บทที่ 7 ระบบขับถ่ายปัสสาวะ -- บทที่ 8 สมดุลน้ำอิเล็กโทรไลต์และกรดด่างในร่างกาย -- บทที่ 9 ระบบต่อมไร้ท่อ -- บทที่ 10 ระบบสืบพันธุ์ -- บทที่ 11 การควบคุมอุณหภูมิของร่างกาย
650  4 ^aสรีรวิทยา
650  4 ^aสรีรวิทยามนุษย์
650  4 ^aประสาทวิทยา
700 0  ^aรัชฎา แก่นสาร์
700 0  ^aจักรกฤษณ์ ลูกอินทร์
700 0  ^aจิตรลดา ศรีสารคาม
700 0  ^aนุจรี ฮะค่อม
700 0  ^aนงนุช โอบะ
700 0  ^aเพ็ญศรี จึงธนาเจริญเลิศ
700 0  ^aวรรณศิริ เข็มอนุสุข
710 2  ^aกระทรวงสาธารณสุข. ^bสถาบันพระบรมราชชนก.^bโครงการสวัสดิการวิชาการ
999    ^aบรรณารักษ์
รายการนี้ยังไม่มีแท็ก
คุณยังไม่ได้ล็อกอิน คุณสามารถมีกิจกรรมร่วมกับเว็บไซต์ได้ แต่ต้องล็อกอินก่อน ::
  ล็อกอิน
ลำดับที่ ประเภท เลขเรียก/บาร์โค้ด สถานที่ สถานะ
1. หนังสือ
หนังสือ
QT4 ส356 ล.2 2568 c.1 
  Barcode: 088027
ห้องสมุดสาขาหลัก
►หนังสือทั่วไป
On Shelf
2. หนังสือ
หนังสือ
QT4 ส356 ล.2 2568 c.2 
  Barcode: 088028
ห้องสมุดสาขาหลัก
►หนังสือทั่วไป
On Shelf
3. หนังสือ
หนังสือ
QT4 ส356 ล.2 2568 c.3 
  Barcode: 088029
ห้องสมุดสาขาหลัก
►หนังสือทั่วไป
On Shelf
4. หนังสือ
หนังสือ
QT4 ส356 ล.2 2568 c.4 
  Barcode: 088030
ห้องสมุดสาขาหลัก
►หนังสือทั่วไป
On Shelf
5. หนังสือ
หนังสือ
QT4 ส356 ล.2 2568 c.5 
  Barcode: 088031
ห้องสมุดสาขาหลัก
►หนังสือทั่วไป
On Shelf
   [แสดง 5/5 รายการ]

รายการใกล้เคียง
    หัวเรื่อง [สรีรวิทยา]
    หัวเรื่อง [สรีรวิทยามนุษย์]
    หัวเรื่อง [ประสาทวิทยา]

BibComment


ยังไม่เคยถูกคอมเมนท์

คอมเมนท์ทรัพยากรรายการนี้
  คอมเมนท์: สรีรวิทยา 2 ฉบับ..
Bib 13399128818

 
 
 

 Union Library Management : ULibM
Copyright 2026. All Rights Reserved.